|
|
|
|
| LEADER |
00844naa a2200205 i 4500 |
| 001 |
acta59719 |
| 005 |
20230626150839.0 |
| 008 |
191010s2002 hu o 1|| eng d |
| 040 |
|
|
|a SZTE Egyetemi Kiadványok Repozitórium
|b hun
|
| 041 |
|
|
|a eng
|
| 100 |
1 |
|
|a Varró Dániel
|
| 245 |
1 |
2 |
|a A pattern-based constraint language for metamodels
|h [elektronikus dokumentum] :
|b [abstract] /
|c Varró Dániel
|
| 260 |
|
|
|a University of Szeged
|b Szeged
|c 2002
|
| 300 |
|
|
|a 109
|
| 490 |
0 |
|
|a Conference of PhD Students in Computer Science
|v 3
|
| 650 |
|
4 |
|a Természettudományok
|
| 650 |
|
4 |
|a Számítás- és információtudomány
|
| 695 |
|
|
|a Számítástechnika - előadáskivonat
|
| 711 |
|
|
|a Conference of PhD students in computer science (3.)
|c Szeged
|d 2002. július 1-4.
|
| 856 |
4 |
0 |
|u http://acta.bibl.u-szeged.hu/59719/1/cscs_2002_109.pdf
|z Dokumentum-elérés
|